| 000 | 00786nam a2200253Ia 4500 | ||
|---|---|---|---|
| 003 | OSt | ||
| 005 | 20220918174235.0 | ||
| 006 | a|||||r|||| 00| 0 | ||
| 007 | ta | ||
| 008 | 220917b |||||||| |||| 00| 0 eng d | ||
| 024 | _a11,231 | ||
| 037 | _cTextual | ||
| 040 |
_aARTS _cARTS _beng |
||
| 041 |
_2eng _aeng |
||
| 082 | _aMK:330L:573, F5 | ||
| 100 |
_aArmsby Henry Prentiss _949645 |
||
| 245 | 0 |
_aAnimal as a converter of matter and energy _b a study of the role of luive stock in food production |
|
| 260 | _c1925 | ||
| 490 | _aAmerican Chemical Society Monograph Series; 23 | ||
| 650 | _aINDUSTRIAL ARTS | ||
| 700 |
_a Moulton C Robert _949646 |
||
| 942 |
_hMK:330L:573, F5 _cTEXL _2CC |
||
| 999 |
_c152345 _d152345 |
||